The complete ghost stories of Charles Dickens / (Record no. 174578)

000 -LEADER
fixed length control field 00750pam a2200253 a 4500
001 - CONTROL NUMBER
control field 2332704
003 - CONTROL NUMBER IDENTIFIER
control field Nust
005 - DATE AND TIME OF LATEST TRANSACTION
control field 20220830120729.0
008 - FIXED-LENGTH DATA ELEMENTS--GENERAL INFORMATION
fixed length control field 820715t19831982nyuaf 000 1 eng
010 ## - LIBRARY OF CONGRESS CONTROL NUMBER
LC control number 82013481
020 ## - INTERNATIONAL STANDARD BOOK NUMBER
International Standard Book Number 9781853267345
Terms of availability Rs. 236
038 ## - RECORD CONTENT LICENSOR
Staff Name Arshad
040 ## - CATALOGING SOURCE
Original cataloging agency DLC
Transcribing agency DLC
Modifying agency DLC
050 00 - LIBRARY OF CONGRESS CALL NUMBER
Classification number PR4553
Item number .H26 1983
082 00 - DEWEY DECIMAL CLASSIFICATION NUMBER
Classification number 823
Author Mark DIC
100 1# - MAIN ENTRY--PERSONAL NAME
Personal name Dickens, Charles,
Dates associated with a name 1812-1870.
9 (RLIN) 12180
245 14 - TITLE STATEMENT
Title The complete ghost stories of Charles Dickens /
Statement of responsibility, etc. edited by Peter Haining.
260 ## - PUBLICATION, DISTRIBUTION, ETC.
Place of publication, distribution, etc. New York :
Name of publisher, distributor, etc. F. Watts,
Date of publication, distribution, etc. 1997
300 ## - PHYSICAL DESCRIPTION
Extent 309 p.
Dimensions 23 cm.
650 #0 - SUBJECT ADDED ENTRY--TOPICAL TERM
Topical term or geographic name entry element Ghost stories, English.
Form subdivision Fiction
9 (RLIN) 12218
700 1# - ADDED ENTRY--PERSONAL NAME
Personal name Haining, Peter.
9 (RLIN) 12219
906 ## - LOCAL DATA ELEMENT F, LDF (RLIN)
a 7
b cbc
c orignew
d 1
e ocip
f 19
g y-gencatlg
942 ## - ADDED ENTRY ELEMENTS (KOHA)
Source of classification or shelving scheme
Koha item type Book
Holdings
Withdrawn status Lost status Source of classification or shelving scheme Damaged status Not for loan Permanent Location Current Location Shelving location Date acquired Total Renewals Full call number Barcode Date last seen Copy number Price effective from Koha item type
          Central Library (CL) Central Library (CL) Children Section 02/01/2017 1 823 DIC CL1387 08/14/2021 1 02/01/2017 Book
© 2023 Central Library, National University of Sciences and Technology. All Rights Reserved.